| 000 | 00372nam a2200157Ia 4500 | ||
|---|---|---|---|
| 008 | 230524s9999 xx 000 0 und d | ||
| 082 |
_a621.381 _bGAU |
||
| 100 |
_aA.K.Gautam _92998 |
||
| 245 | 0 | _aMicrowave Engineering | |
| 250 | _a1ST | ||
| 260 |
_aNEW DELHI _bKataria _c2003 |
||
| 300 | _a470 | ||
| 500 | _aQuantity Number: 2 | ||
| 650 | _aElectronics | ||
| 942 | _cBK | ||
| 999 |
_c16856 _d16856 |
||